000 00447nam a2200169 a 4500
005 20140414093845.0
008 091005s19uu xx uuu eng d
050 _aCDR 370.1
_bQUE-che 2009
100 _aIBO
245 _aIB Question bank :
_bChemistry /
_cIBO.
650 _aInternational Baccalaureate.
650 _aChemistry.
650 _aQuestioning--answering systems.
650 _aQuestionaires.
942 _cAVM
999 _c109532
_d109532